[Event "Juvenil op"]
[Site "Spain"]
[Date "1997.??.??"]
[Round "8"]
[White "Duran Albareda, Xavier"]
[Black "Garrido Fernandez, Daniel"]
[Result "1/2-1/2"]
[WhiteElo "2135"]
[BlackElo "2285"]
[PlyCount "44"]
[EventDate "1997.??.??"]
[EventType "swiss"]
[EventRounds "8"]
[EventCountry "ESP"]
[SourceTitle "EXT 1999"]
[Source "ChessBase"]
[SourceDate "1998.11.16"]
[SourceVersion "1"]
[SourceVersionDate "1998.11.16"]
[SourceQuality "1"]

1. e4 c5 2. Nf3 Nc6 3. d4 cxd4 4. Nxd4 g6 5. c4 Bg7 6. Be3 Nf6 7. Nc3 0-0 8. Be2 b6 9. 0-0 Bb7 10. f3 Qb8 11. Qd2 Rd8 12. Rfd1 d6 13. Nd5 Rd7 14. Nxc6 Bxc6 15. Bd4 Ne8 16. Bxg7 Kxg7 17. Qd4+ f6 18. b3 Nc7 19. f4 Ne6 20. Qe3 Nf8 21. Qd4 Ne6 22. Qe3 Nf8 1/2-1/2